Colpo di fulmine : il mago della truffa /

Saved in:
書目詳細資料
主要作者: Urata, Nick (Composer)
其他作者: Shariat, Far (Producer), Carrey, Jim (Actor), McGregor, Ewan (Actor), Mann, Leslie (Actor), McVicker, Steve (Screenwriter), Santoro, Rodrigo (Actor), Perez Grobet, Xavier (Photographer), Lazar, Andrew (Producer), Requa, John (Director, Scenarist), Ficarra, Glenn (Director, Scenarist)
格式: 幻燈片
語言:意大利语
出版: [Roma] : Luckyred homevideo, 2010
標簽: 添加標簽
沒有標簽, 成為第一個標記此記錄!

MARC

LEADER 00000ngm a22000007i 4500
001 IT\ICCU\LO1\1326131
003 ItRI
005 20260508112158.0
008 100930s2010 it |||||||||||||||k|||||c
024 3 1 |a 8022469068386 
028 4 2 |a AK2RF07060  |b versione noleggio 
028 4 2 |a AK2SF06838 
040 |b ita  |c Arcigay Genova  
041 7 |a ita  |2 ISO-639-2 
082 |a 791.43  |2 19 
130 0 |a I love you, Phillip Morris <film ; 2009> 
245 0 0 |a Colpo di fulmine :  |b il mago della truffa /  |c scritto e diretto da John Requa e Glenn Ficarra ; soggetto di Steve McVicker ; direttore della fotografia: Xavier Perez Grobet ; musica di Nick Urata ; prodotto da Far Shariat, Andrew Lazar ; cast: Jim Carrey, Ewan McGregor, Leslie Mann. 
260 |a [Roma] :  |b  Luckyred homevideo,  |c 2010 
300 |a 1 DVD-video (94 min) :  |b a colori, PAL 
500 |a Caratteristiche tecniche: regione 2; PAL; 1.85:1, anamorfico 16/9; DVD 9 
500 |a Tit. del contenitore 
500 |a Lingue: italiano, inglese; sottotitoli: italiano non udenti, italiano 
500 |a Produzione cinematografica: Francia/USA 2009 
500 |a Interpreti: Jim Carrey, Ewan McGregor 
500 |a Contenuti speciali: interviste: Jim Carrey, Ewan McGregor, John Requa e GlennFicarra; conferenza stampa, trailer 
700 1 |a Shariat, Far  |0 IT\ICCU\DDSV\350634  |4 pro 
700 1 |a Urata, Nick  |0 IT\ICCU\LO1V\374011  |4 cmp 
700 1 |a Carrey, Jim  |0 IT\ICCU\RAVV\098672  |4 act 
700 1 |a McGregor, Ewan  |0 IT\ICCU\RAVV\099560  |4 act 
700 1 |a Mann, Leslie  |0 IT\ICCU\RAVV\505829  |4 act 
700 1 |a McVicker, Steve  |0 IT\ICCU\RT1V\004846  |4 aus 
700 1 |a Santoro, Rodrigo  |0 IT\ICCU\UBOV\004700  |4 act 
700 1 |a Perez Grobet, Xavier  |0 IT\ICCU\UBOV\028035  |4 pht 
700 1 |a Lazar, Andrew  |0 IT\ICCU\UBOV\559445  |4 pro 
700 1 |a Requa, John  |0 IT\ICCU\UBOV\804737  |4 drt 
700 1 |a Requa, John  |0 IT\ICCU\UBOV\804737  |4 sce 
700 1 |a Ficarra, Glenn  |0 IT\ICCU\UBOV\804738  |4 drt 
700 1 |a Ficarra, Glenn  |0 IT\ICCU\UBOV\804738  |4 sce 
710 2 |a Lucky Red  |0 IT\ICCU\NAPV\131922  |4 pbl 
942 |2 ddc  |c VM  |n 0 
952 |0 0  |1 0  |4 0  |6 VO_1839_000000000000000  |7 0  |9 26833  |a BO  |b BO  |d 2026-01-24  |i 14626  |l 0  |o VO 1839  |p BO14626  |r 2026-01-24 18:28:21  |w 2026-01-24  |x [Sebina 5] [1 dvd]  |y VM  |z 1 dvd 
952 |0 0  |1 0  |2 ddc  |4 0  |7 0  |9 33192  |a GE  |b GE  |d 2026-02-24  |l 0  |p 11731  |r 2026-02-24 15:18:04  |t DVD 9  |w 2026-02-24  |y VM 
952 |0 0  |1 0  |2 ddc  |4 0  |6 791_430000000000000_COL_REQ  |7 0  |9 33383  |a MI  |b MI  |d 2026-05-02  |l 0  |o 791.43 COL REQ  |p 11882  |r 2026-05-02 14:32:03  |w 2026-05-02  |y VM 
999 |c 28812  |d 28812